00726nam a2200241 u 4500001001000000003000900010005001700019007000300036008004100039020001500080040002500095082001400120245007600134260003200210300002100242490002100263500002100284504003200305534007100337700002900408700002600437830002100463000003575DO-SdBNP20220906104811.0ta090710s2002 sp r 000 0 spa d a8474324718 aDO-SdBNPbspacBNPHU 4bC761t22200aTerapia del abuso sexual /ccompiladores Michael Durrant y Cheryl White aBarcelona :bGedisa,c2002. a251 p. ;c22 cm.1 aTerapia Familiar aIncluye índice aBibliografía : p. 247-249 aTítulo original en inglés: ideas for therapy with sexual abuse1 aDurrant, Michael,ecomp.1 aWhite, Cheryl,ecomp. 0aTerapia Familiar